| 000 | 01261cam a2200193 4500 | ||
|---|---|---|---|
| 001 | ABS65078 | ||
| 008 | 020308n2002 000 0 eng u | ||
| 035 | _a(Sirsi) u117070 | ||
| 100 | _aLey, A. | ||
| 245 | _aHeed this judgment! | ||
| 260 | _c2002 | ||
| 490 |
_aBuilding Control _v(127) February 2002, 16-17(2) |
||
| 520 | _aLooks at the information that should be given by an approved inspector to a local authority when submitting an initial notice. Highlights appeal between "Butler and Young v Carrick DC" (Truro Crown Court, unreported) which followed the dismissal of an appeal by an magistrates court on a refusal by Carrick DC to accept an initial notice. Concludes that information on the initial notice was adequate to meet requirements of the Building Regulations 1984, concerning the understanding of duty of a local authority in enforcing building regulations. Consequently the court found against the council and it was ordered to issue a formal acceptance of the Initial Notice and to correct the register. Warns councils to be warned by this judgment. | ||
| 590 | _aABS | ||
| 650 | _aBUTLER AND YOUNG V CARRICK DC | ||
| 650 | _aBUILDING ACT 1984 S91 | ||
| 690 | _aBUILDING AND CONSTRUCTION-REGULATION AND COTROL-CASE LAW | ||
| 942 | _n0 | ||
| 999 |
_c69751 _d69751 |
||